How to Stop Worrying and Start Living: (Record no. 182924)

MARC details
000 -LEADER
fixed length control field 00507 a2200181 4500
005 - DATE AND TIME OF LATEST TRANSACTION
control field 20220222111222.0
010 ## - LCCN (DPL NO)
LC control number ENG-130267
020 ## - INTERNATIONAL STANDARD BOOK NUMBER
International Standard Book Number 978-93-84401-98-6
Terms of availability 150.00
035 ## - SYSTEM CONTROL NUMBER
System control number EN-113799
037 ## - SOURCE OF ACQUISITION
Source of stock number/acquisition DBAD / PUB
082 ## - DEWEY DECIMAL CLASSIFICATION NUMBER
Classification number 158.1
100 ## - MAIN ENTRY--PERSONAL NAME
Personal name Carnegie, Dale
245 ## - TITLE STATEMENT
Title How to Stop Worrying and Start Living:
Statement of responsibility, etc Dale Carnegie
260 ## - PUBLICATION, DISTRIBUTION, ETC. (IMPRINT)
Name of publisher, distributor, etc Pigeon Books India
Date of publication, distribution, etc 2017
270 ## - ADDRESS
Electronic mail address Pigeonbooks@yahoo.com
300 ## - PHYSICAL DESCRIPTION
Extent 326p.
Dimensions 18cm (pbk)
942 ## - ADDED ENTRY ELEMENTS (KOHA)
Institution code [OBSOLETE] dpl
Item type English Books
Source of classification or shelving scheme Dewey Decimal Classification
Classification part 158.1
Call number suffix CAR
Holdings
Withdrawn status Lost status Not for loan Collection code Home library Current library Date acquired Source of acquisition Cost, normal purchase price Full call number Barcode Copy number Cost, replacement price Koha item type
      Non-fiction Ashok Vihar Ashok Vihar 10/12/2021 DBAD/PUB 150.00 158.1 CAR EN-113799 1 150.00 English Books

© Delhi Public Library
Hit Counter
free hit counter